00579nam a2200193Ii 450000100060000000300090000600800410001502000180005604000330007404100080010708200190011510000200013424500850015426400530023930000120029233600260030433700280033033800270035814940CO-ViMGA241108s9999||||xx |||||||||||||| ||und|| a9789588454009 aCO-ViMGAbspaerdacCO-ViMGA0 aspa04a330.90112 D43c1 aWim Dierchxsens10aLa crisis mundial del siglo XXI :boportunidad de transición al poscapitalismo 1aBogotá, Colombia : Ediciones desde abajo, 2008 avolumen atextbtxt2rdacontent aunmediatedbn2rdamedia avolumebnc2rdacarrier